LEADER 01169nam2-2200337---450- 001 990009968040403321 005 20150525123847.0 035 $a000996804 035 $aFED01000996804 035 $a(Aleph)000996804FED01 035 $a000996804 100 $a20150525d1993----km-y0itay50------ba 101 0 $aita 102 $aIT 105 $aabefabc-001yd 200 1 $a<<10.: >>natura e mito$ftesti di Paolo Fedeli, Giueppina Pisani Sartorio$gcommento di Franco Barbaresi$gautore della fotografia Vittorio Storaro$gcoordinamento Piergiorgio Parroni$gprogetto grafico Fulvio Ronchi 210 $aRoma$cIstituto poligrafico e Zecca dello Stato$cLibreria dello Stato$dstampa 1993 215 $a[69] carte$cin gran parte ill.$d31x31 cm 461 0$1001000996715$12001$v10 610 0 $aRoma antica$aNatura$aConcezione sacra 676 $a292.13$v21 676 $a937.06$v21 702 1$aFedeli,$bPaolo 702 1$aPisani Sartorio,$bGiuseppina 702 1$aBarbaresi,$bFranco 801 0$aIT$bUNINA$gRICA$2UNIMARC 901 $aBK 912 $a990009968040403321 952 $a937 ROMA 1 (10)$bBIBL. 2015/207 (10)$fFLFBC 959 $aFLFBC 997 $aUNINA LEADER 05342nam 2200661 450 001 9910786762703321 005 20230803204112.0 010 $a0-309-30308-7 010 $a0-309-30306-0 035 $a(CKB)3710000000216371 035 $a(EBL)3379347 035 $a(SSID)ssj0001424108 035 $a(PQKBManifestationID)12549875 035 $a(PQKBTitleCode)TC0001424108 035 $a(PQKBWorkID)11446911 035 $a(PQKB)10279402 035 $a(MiAaPQ)EBC3379347 035 $a(Au-PeEL)EBL3379347 035 $a(CaPaEBR)ebr10904403 035 $a(OCoLC)889302488 035 $a(EXLCZ)993710000000216371 100 $a20140814h20142014 uy 0 101 0 $aeng 135 $aur|n|---||||| 181 $ctxt 182 $cc 183 $acr 200 10$aBest practices for risk-informed decision making regarding contaminated sites $esummary of a workshop series /$fNational Research Council (U.S.) ; Dominic Brose, rapporteur, Jennifer A. Heimberg, rapporteur 210 1$aWashington, District of Columbia :$cThe National Academies Press,$d2014. 210 4$dİ2014 215 $a1 online resource (211 p.) 300 $aDescription based upon print version of record. 311 $a0-309-30305-2 320 $aIncludes bibliographical references at the end of each chapters. 327 $a""Front Matter""; ""Preface""; ""Acknowledgement of Reviewers""; ""Contents""; ""Introduction and Overview""; ""Volume I: Workshop 1 Summary""; ""1 Introduction""; ""2 Challenges to Regulatory Flexibility and Risk-Informed Decision Making""; ""3 Holistic Approaches to Remediation""; ""4 Incorporating Sustainability into Decision Making for Site Remediation""; ""References""; ""Volume II: Workshop 2 Summary""; ""1 Introduction and Background""; ""2 Using Risk to Inform Decisions""; ""3 Approaches to Assessment""; ""4 Monitoring""; ""5 Best Practices"" 327 $a""6 Summary of the Workshop Series Goals""""References""; ""Appendix A: Statement of Task""; ""Appendix B: Biographies of Planning Committee and Staff""; ""Appendix C: Workshop 1 Agenda""; ""Appendix D: Workshop 1 Speaker Biographies""; ""Appendix E: Workshop 2 Agenda""; ""Appendix F: Workshop 2 Speaker Biographies""; ""Appendix G: Participant List""; ""Appendix H: Acronyms"" 330 $a"The Department of Energy's Office of Environmental Management's (EM) mission is the safe cleanup of sites associated with the government-led development of nuclear weapons and nuclear energy. While many of these legacy sites have completed cleanup, the largest and most complex sites have not been fully re-mediated. The cleanup of these sites is proceeding under legally enforceable agreements with timelines for hundreds of milestones. EM is reviewing alternative approaches to increase effectiveness and improve cost efficiencies of its cleanup activities, especially for sites that will have residual contamination when active cleanup is complete. This report is the summary of two workshops convened in October 2013 and January 2014 on best practices for risk-informed remedy selection, closure, and post-closure control of radioactive and chemically contaminated sites that present significant difficulty for remediation to unrestricted release. The workshop series aimed to explore best practices that promote effective, risk-informed decision making and future opportunities to improve remediation approaches and practices. In the Workshop #1 section of Best Practices for Risk-Informed Decision Making Regarding Contaminated Sites, the report examines holistic approaches for re-mediating sites with multiple contaminant sources and post-closure uses, and approaches for incorporating a sustainability framework into decision making regarding site remediation, closure, and post-closure control. In Workshop #2, the report focuses on post-closure controls, assessment of long-term performance of site remedies, and best practices for risk-based remediation decisions."--Publisher's description. 606 $aEnvironmental health$zUnited States$vCongresses 607 $aUnited States$2fast 615 0$aEnvironmental health 676 $a614.7 700 $aBrose$b Dominic A.$01504592 702 $aBrose$b Dominic 702 $aHeimberg$b Jennifer A. 712 02$aNational Research Council (U.S.).$bDivision on Earth and Life Studies, 712 02$aNational Research Council (U.S.).$bNuclear and Radiation Studies Board, 712 02$aNational Research Council (U.S.).$bPolicy and Global Affairs, 712 02$aCommittee on Best Practices for Risk-Informed Remedy Selection, Closure and Post-Closure of Contaminated Sites, 712 02$aNational Research Council (U.S.).$bScience and Technology for Sustainability Program, 712 12$aBest Practices for Risk-Informed Remedy Selection, Closure, and Post-Closure Control for Contaminated Sites: a National Academies Workshop$f(2013 :$eWashington, D.C.) 712 12$aBest Practices for Risk-Informed Remedy Selection, Closure, and Post-Closure Control for Contaminated Sites: Workshop 2$f(2014 :$eWashington, D.C.) 801 0$bMiAaPQ 801 1$bMiAaPQ 801 2$bMiAaPQ 906 $aBOOK 912 $a9910786762703321 996 $aBest practices for risk-informed decision making regarding contaminated sites$93806725 997 $aUNINA LEADER 01846nam 2200445z- 450 001 9910346754303321 005 20210212 035 $a(CKB)4920000000094171 035 $a(oapen)https://directory.doabooks.org/handle/20.500.12854/61323 035 $a(oapen)doab61323 035 $a(EXLCZ)994920000000094171 100 $a20202102d2018 |y 0 101 0 $aeng 135 $aurmn|---annan 181 $ctxt$2rdacontent 182 $cc$2rdamedia 183 $acr$2rdacarrier 200 00$aTrends in Regulatory Peptides 210 $cFrontiers Media SA$d2018 215 $a1 online resource (282 p.) 225 1 $aFrontiers Research Topics 311 08$a2-88945-537-8 330 $aRegulatory peptides represent the most diverse and versatile family of messenger molecules. They are produced by all living organisms from bacteria to mammals. They are involved in a wide variety of biological functions. Biologically active peptides and their receptors thus constitute an unlimited source of inspiration for the development of innovative drugs and cosmetics. The present eBook is a unique collection of research articles and reviews that provide a representative examplification of the latest progress in regulatory peptide research. 606 $aMedicine$2bicssc 610 $aAntimicrobial peptides 610 $aBiologically active peptides 610 $aCardiovascular peptides 610 $aG protein-coupled receptors 610 $aGastrointestinal peptides 610 $aGliopeptides 610 $aNeuropeptides 610 $aPeptides and cancer 615 7$aMedicine 700 $aDavid Vaudry$4auth$01296322 702 $aHubert Vaudry$4auth 702 $aMarie-Christine Tonon$4auth 906 $aBOOK 912 $a9910346754303321 996 $aTrends in Regulatory Peptides$93023999 997 $aUNINA